[Event "Titled Tuesday intern op 02nd Mar"]
[Site "Chess.com INT"]
[Date "2021.03.02"]
[Round "4"]
[White "Aslanov, Umid Fuad"]
[Black "Bujisho, Benjamin"]
[Result "1/2-1/2"]
[WhiteElo "2019"]
[BlackElo "2289"]
[PlyCount "122"]
[EventDate "2021.03.02"]
[EventType "swiss (blitz)"]
[EventRounds "11"]
[EventCountry "USA"]
[SourceTitle "CBM 201 Extra"]
[Source "ChessBase"]
[SourceDate "2021.05.31"]
[SourceVersion "1"]
[SourceVersionDate "2021.05.31"]
[SourceQuality "1"]

1. e4 c5 2. Nf3 d6 3. d4 cxd4 4. Nxd4 Nf6 5. Nc3 g6 6. Be3 Bg7 7. f3 0-0 8. Qd2 Nc6 9. 0-0-0 d5 10. exd5 Nxd5 11. Nxc6 bxc6 12. Bd4 Bxd4 13. Qxd4 Qb6 14. Nxd5 cxd5 15. Kb1 Rd8 16. h4 Qxd4 17. Rxd4 e5 18. Rd1 Be6 19. h5 Kg7 20. hxg6 hxg6 21. g4 g5 22. Bd3 Rh8 23. Bb5 Kf6 24. Bc6 Rxh1 25. Rxh1 Rc8 26. Bb5 e4 27. fxe4 dxe4 28. Be2 Ke5 29. c3 Kf4 30. Rg1 Rh8 31. Bd1 Rh2 32. b3 e3 33. c4 f5 34. c5 fxg4 35. c6 Bf5+ 36. Kc1 e2 37. Bxe2 Rxe2 38. Rf1+ Ke5 39. Kd1 Rxa2 40. Rxf5+ Kd6 41. Rxg5 Kxc6 42. Rxg4 Kb5 43. Kc1 Rf2 44. Kb1 a5 45. Re4 Kc5 46. Rg4 Re2 47. Rh4 Kb5 48. Rg4 Re1+ 49. Kb2 Re2+ 50. Ka3 Rd2 51. Rg5+ Kb6 52. Rg6+ Kc5 53. Rg5+ Kb6 54. Rg6+ Kb7 55. Ka4 Ra2+ 56. Kb5 Rb2 57. Rg7+ Kc8 58. Ka4 Ra2+ 59. Kb5 Rb2 60. Kc6 Rc2+ 61. Kb5 Rb2 1/2-1/2

[Event "Titled Tuesday intern op 23rd Feb"]
[Site "Chess.com INT"]
[Date "2021.02.23"]
[Round "4"]
[White "Tokman, Ariel"]
[Black "Bujisho, Benjamin"]
[Result "0-1"]
[WhiteElo "2316"]
[BlackElo "2289"]
[PlyCount "94"]
[EventDate "2021.02.23"]
[EventType "swiss (blitz)"]
[EventRounds "11"]
[EventCountry "USA"]
[SourceTitle "CBM 200 Extra"]
[Source "ChessBase"]
[SourceDate "2021.03.31"]
[SourceVersion "1"]
[SourceVersionDate "2021.03.31"]
[SourceQuality "1"]

1. e4 c5 2. Nf3 d6 3. Bb5+ Nc6 4. c3 Bd7 5. 0-0 Nf6 6. Re1 a6 7. Ba4 b5 8. Bb3 c4 9. Bc2 e5 10. d4 Be7 11. Nbd2 0-0 12. Nf1 Qc7 13. Ne3 Rfe8 14. Nd5 Qb8 15. Nxe7+ Nxe7 16. dxe5 dxe5 17. a4 Bc6 18. axb5 axb5 19. Rxa8 Bxa8 20. Bg5 Ng6 21. Qe2 Bc6 22. Rd1 Rd8 23. Bxf6 gxf6 24. g3 Kg7 25. h4 Rxd1+ 26. Qxd1 Qc7 27. Qd2 Qd7 28. Qe3 Ne7 29. Qc5 Qe6 30. Nh2 Nc8 31. Nf1 Qd6 32. Qe3 Ne7 33. Qe2 Bd7 34. Ne3 Be6 35. Kg2 Nc8 36. Qe1 Nb6 37. Qa1 Nd7 38. Qa7 Nc5 39. Qa5 Qc6 40. f3 Nd3 41. Qa3 Qb6 42. Bxd3 Qxe3 43. Bf1 f5 44. exf5 Bxf5 45. Qa1 e4 46. Qd1 exf3+ 47. Kh2 Qf2+ 0-1

[Event "Titled Tuesday intern op 19th Jan"]
[Site "Chess.com INT"]
[Date "2021.01.19"]
[Round "2"]
[White "Bujisho, Benjamin"]
[Black "Terry, Renato"]
[Result "0-1"]
[WhiteElo "2289"]
[BlackElo "2504"]
[PlyCount "82"]
[EventDate "2021.01.19"]
[EventType "swiss (blitz)"]
[EventRounds "11"]
[EventCountry "USA"]
[SourceTitle "CBM 200 Extra"]
[Source "ChessBase"]
[SourceDate "2021.03.31"]
[SourceVersion "1"]
[SourceVersionDate "2021.03.31"]
[SourceQuality "1"]

1. e4 e6 2. d4 d5 3. exd5 exd5 4. Nf3 Nc6 5. h3 Bd6 6. c3 Nge7 7. Bd3 0-0 8. 0-0 Bf5 9. Bg5 f6 10. Bh4 Qd7 11. Bg3 Bxg3 12. fxg3 Bxd3 13. Qxd3 Nf5 14. g4 Nd6 15. Nbd2 Rae8 16. Rae1 Rxe1 17. Rxe1 Re8 18. Re3 Rxe3 19. Qxe3 Qe7 20. Qxe7 Nxe7 21. Kf2 h6 22. Ke3 Kf7 23. Ne1 b6 24. Nd3 g5 25. a4 Ke6 26. b3 a5 27. c4 f5 28. c5 Ne4 29. cxb6 cxb6 30. b4 f4+ 31. Ke2 Nc3+ 32. Kf3 Nxa4 33. bxa5 bxa5 34. Nb3 Nc6 35. g3 fxg3 36. Kxg3 Nc3 37. Kf3 a4 38. Nbc5+ Kd6 39. Ke3 a3 40. Kd2 Ne4+ 41. Kc2 Nxd4+ 0-1

[Event "Titled Tuesday intern op 22nd Dec"]
[Site "Chess.com INT"]
[Date "2020.12.22"]
[Round "3"]
[White "Bujisho, Benjamin"]
[Black "Laurusas, Tomas"]
[Result "0-1"]
[WhiteElo "2289"]
[BlackElo "2505"]
[PlyCount "88"]
[EventDate "2020.12.22"]
[EventType "swiss (blitz)"]
[EventRounds "11"]
[EventCountry "USA"]
[SourceTitle "CBM 199 Extra"]
[Source "ChessBase"]
[SourceDate "2021.01.31"]
[SourceVersion "1"]
[SourceVersionDate "2021.01.31"]
[SourceQuality "1"]

1. d4 d5 2. c4 c6 3. cxd5 cxd5 4. Nc3 Nf6 5. Nf3 Nc6 6. Bf4 Qb6 7. Na4 Qa5+ 8. Bd2 Qc7 9. e3 Bg4 10. Rc1 e6 11. Be2 Bd6 12. h3 Bf5 13. 0-0 0-0 14. b4 a6 15. a3 h6 16. Nc5 Qe7 17. Bc3 Rfc8 18. Bb2 Na7 19. Qb3 Rc7 20. Nd3 Nc6 21. Nfe5 Rac8 22. Nxc6 Rxc6 23. Rxc6 Rxc6 24. Rc1 Rxc1+ 25. Bxc1 Ne4 26. Nc5 Bxc5 27. bxc5 Qh4 28. Qd1 Qxf2+ 29. Kh2 Bxh3 30. Bf3 Bf5 31. Qe2 Qh4+ 32. Kg1 Ng3 33. Qd1 Be4 34. Bd2 Bxf3 35. Qxf3 Qh1+ 36. Kf2 Ne4+ 37. Ke2 Qb1 38. Be1 Qb5+ 39. Kd1 Qd3+ 40. Kc1 Qxa3+ 41. Kd1 Qd3+ 42. Kc1 a5 43. Qd1 Qxe3+ 44. Kb1 a4 0-1

[Event "Titled Tuesday intern op 27th Oct"]
[Site "Chess.com INT"]
[Date "2020.10.27"]
[Round "3"]
[White "Bujisho, Benjamin"]
[Black "Korobov, Anton"]
[Result "0-1"]
[WhiteElo "2290"]
[BlackElo "2687"]
[PlyCount "68"]
[EventDate "2020.10.27"]
[EventType "swiss (blitz)"]
[EventRounds "11"]
[EventCountry "USA"]
[SourceTitle "CBM 199 Extra"]
[Source "ChessBase"]
[SourceDate "2021.01.31"]
[SourceVersion "1"]
[SourceVersionDate "2021.01.31"]
[SourceQuality "1"]

1. d4 Nf6 2. Bf4 c5 3. c3 Qb6 4. Qb3 cxd4 5. Qxb6 axb6 6. cxd4 Nc6 7. Nf3 Nd5 8. Bd2 Ndb4 9. Kd1 d5 10. a3 Bf5 11. Nc3 Bc2+ 12. Kc1 Bb3 13. e3 e6 14. Bb5 Bd6 15. Rb1 Na2+ 16. Nxa2 Bxa2 17. Ra1 Bc4 18. Bxc4 dxc4 19. Kc2 b5 20. Bc3 0-0 21. Rhd1 Ne7 22. e4 Rfd8 23. g3 h6 24. Bb4 Nc6 25. Bxd6 Rxd6 26. Kc3 Na5 27. a4 Nb3 28. Ra3 bxa4 29. d5 b5 30. Nd4 Rb8 31. Kb4 exd5 32. Nxb5 d4 33. Rxa4 Rdb6 34. Kxc4 Rxb5 0-1

[Event "Titled Tuesday intern op 27th Oct"]
[Site "Chess.com INT"]
[Date "2020.10.27"]
[Round "5"]
[White "Bujisho, Benjamin"]
[Black "Smirnov, Pavel"]
[Result "1-0"]
[WhiteElo "2290"]
[BlackElo "2544"]
[PlyCount "103"]
[EventDate "2020.10.27"]
[EventType "swiss (blitz)"]
[EventRounds "11"]
[EventCountry "USA"]
[SourceTitle "CBM 199 Extra"]
[Source "ChessBase"]
[SourceDate "2021.01.31"]
[SourceVersion "1"]
[SourceVersionDate "2021.01.31"]
[SourceQuality "1"]

1. d4 Nf6 2. Bf4 e6 3. e3 c5 4. c3 d5 5. Nd2 Bd6 6. Bxd6 Qxd6 7. f4 0-0 8. Ngf3 cxd4 9. cxd4 b6 10. Ne5 Bb7 11. Bd3 Ne4 12. 0-0 f6 13. Nef3 Nd7 14. Qb3 Kh8 15. Rad1 a5 16. a3 a4 17. Qc2 Rfc8 18. Qb1 f5 19. Nxe4 dxe4 20. Ne5 Nxe5 21. fxe5 Qe7 22. Bb5 Qg5 23. Rde1 Bd5 24. g3 Rc7 25. Kf2 Qh5 26. Kg1 Qh6 27. Qd1 Ra5 28. Qe2 Ra8 29. Rc1 Rac8 30. Qd2 g5 31. Rxc7 Rxc7 32. Rc1 Qg7 33. Rxc7 Qxc7 34. Bxa4 Kg7 35. Qc3 Qa7 36. Bb5 Qb7 37. b4 Qf7 38. Qc8 f4 39. Qd7 fxe3 40. Qxf7+ Kxf7 41. Kf1 Kg6 42. Ke2 Kf5 43. Kxe3 Kg4 44. Bf1 h5 45. a4 h4 46. gxh4 Kxh4 47. a5 bxa5 48. bxa5 g4 49. a6 g3 50. hxg3+ Kxg3 51. a7 Kg4 52. Bc4 1-0

[Event "Titled Tuesday intern op 01st Sept"]
[Site "Chess.com INT"]
[Date "2020.09.01"]
[Round "3"]
[White "Bujisho, Benjamin"]
[Black "Eljanov, Pavel"]
[Result "1/2-1/2"]
[WhiteElo "2290"]
[BlackElo "2672"]
[PlyCount "109"]
[EventDate "2020.09.01"]
[EventType "swiss (blitz)"]
[EventRounds "10"]
[EventCountry "USA"]
[SourceTitle "CBM 198 Extra"]
[Source "ChessBase"]
[SourceDate "2020.11.30"]
[SourceVersion "1"]
[SourceVersionDate "2020.11.30"]
[SourceQuality "1"]

1. e4 e5 2. Nc3 Nf6 3. Bc4 Bb4 4. Nge2 0-0 5. 0-0 d6 6. a3 Bc5 7. d3 a6 8. Be3 Bxe3 9. fxe3 c6 10. Qe1 d5 11. exd5 cxd5 12. Bb3 Nc6 13. Qg3 Be6 14. d4 e4 15. Nf4 Ne7 16. h3 Rc8 17. Qh2 Ng6 18. Rf2 Nxf4 19. Qxf4 h6 20. Raf1 Ne8 21. Qe5 Nc7 22. Ne2 f6 23. Qg3 Bf7 24. Nf4 Qd7 25. Ng6 Bxg6 26. Qxg6 Kh8 27. c3 b5 28. Bd1 Qf7 29. Qg3 Ne8 30. Bg4 Rd8 31. Bf5 Nd6 32. Bg6 Qe7 33. Rf4 Nc4 34. R1f2 Qc7 35. Bf5 Qf7 36. h4 Nd6 37. Bg6 Qe7 38. Qg4 Qd7 39. Bf5 Qf7 40. Bg6 Qe7 41. Qg3 a5 42. Bf5 Qf7 43. Bg6 Qe7 44. Bf5 g5 45. Rg4 h5 46. hxg5 hxg4 47. Qh4+ Kg8 48. gxf6 Rxf6 49. Bh7+ Qxh7 50. Qxf6 Nf7 51. Rf5 Qg7 52. Qe6 Rf8 53. Qxd5 Qh6 54. Qxe4 Kh8 55. Rf4 1/2-1/2

[Event "Titled Tuesday intern op 18th Aug"]
[Site "Chess.com INT"]
[Date "2020.08.18"]
[Round "3"]
[White "Artemiev, Vladislav"]
[Black "Bujisho, Benjamin"]
[Result "1-0"]
[WhiteElo "2716"]
[BlackElo "2290"]
[PlyCount "123"]
[EventDate "2020.08.18"]
[EventType "swiss (blitz)"]
[EventRounds "10"]
[EventCountry "USA"]
[SourceTitle "CBM 197 Extra"]
[Source "ChessBase"]
[SourceDate "2020.09.30"]
[SourceVersion "1"]
[SourceVersionDate "2020.09.30"]
[SourceQuality "1"]

1. d4 d6 2. Nf3 Nf6 3. Nc3 d5 4. Bf4 c6 5. e3 Bg4 6. Be2 e6 7. 0-0 Bd6 8. Ne5 Bxe2 9. Qxe2 0-0 10. Bg5 Be7 11. Rad1 Nbd7 12. Nf3 h6 13. Bh4 Ne4 14. Bxe7 Nxc3 15. Qe1 Qxe7 16. Qxc3 Rfe8 17. Qb3 Rab8 18. c4 dxc4 19. Qxc4 e5 20. h3 e4 21. Nd2 Nb6 22. Qc5 Nd5 23. Qxe7 Rxe7 24. Nb1 f5 25. Nc3 Rd8 26. Rfe1 Kf7 27. Kf1 g5 28. Nxd5 Rxd5 29. Rc1 Ke6 30. Ke2 Rf7 31. h4 f4 32. hxg5 hxg5 33. Rh1 Rdf5 34. Rh6+ Kd7 35. Rc5 f3+ 36. gxf3 Rxf3 37. Rh2 R7f5 38. Rxf5 Rxf5 39. Rh7+ Kc8 40. Re7 Rb5 41. b3 a5 42. Rxe4 a4 43. Re5 Rb4 44. Rxg5 axb3 45. axb3 Rxb3 46. f4 b5 47. f5 Kd7 48. e4 b4 49. e5 Rb1 50. Rg7+ Ke8 51. e6 Rb2+ 52. Ke3 Rb1 53. Kf2 Rb2+ 54. Kf3 Rb3+ 55. Kf4 Rb1 56. f6 Rf1+ 57. Ke5 Kd8 58. Kd6 Kc8 59. f7 b3 60. e7 Rf6+ 61. Ke5 Rxf7 62. e8Q+ 1-0

[Event "Titled Tuesday intern op 18th Aug"]
[Site "Chess.com INT"]
[Date "2020.08.18"]
[Round "2"]
[White "Bujisho, Benjamin"]
[Black "Barbosa, Evandro Amorim"]
[Result "1-0"]
[WhiteElo "2290"]
[BlackElo "2509"]
[PlyCount "71"]
[EventDate "2020.08.18"]
[EventType "swiss (blitz)"]
[EventRounds "10"]
[EventCountry "USA"]
[SourceTitle "CBM 197 Extra"]
[Source "ChessBase"]
[SourceDate "2020.09.30"]
[SourceVersion "1"]
[SourceVersionDate "2020.09.30"]
[SourceQuality "1"]

1. d4 Nf6 2. Bf4 e6 3. e3 b6 4. Nf3 Bb7 5. Be2 c5 6. 0-0 cxd4 7. exd4 Be7 8. a4 a6 9. h3 0-0 10. Re1 d6 11. c4 d5 12. b3 Nc6 13. Ne5 dxc4 14. Nxc6 Bxc6 15. bxc4 Qd7 16. Be3 Ne4 17. Qb3 Rab8 18. Nc3 Nxc3 19. Qxc3 Bf6 20. a5 b5 21. cxb5 Bxb5 22. Bf3 Rfd8 23. Red1 Rbc8 24. Qb3 Bc4 25. Qb7 Rc7 26. Qb6 Rcc8 27. Rac1 Bb5 28. Rxc8 Rxc8 29. d5 Bd8 30. Qd4 Bxa5 31. dxe6 Qxd4 32. exf7+ Kxf7 33. Rxd4 Rd8 34. Rf4+ Kg8 35. Rf5 Bd3 36. Rxa5 1-0

[Event "Titled Tuesday intern op 18th Aug"]
[Site "Chess.com INT"]
[Date "2020.08.18"]
[Round "5"]
[White "Morefield, Jason P"]
[Black "Bujisho, Benjamin"]
[Result "0-1"]
[WhiteElo "2227"]
[BlackElo "2290"]
[PlyCount "52"]
[EventDate "2020.08.18"]
[EventType "swiss (blitz)"]
[EventRounds "10"]
[EventCountry "USA"]
[SourceTitle "CBM 197 Extra"]
[Source "ChessBase"]
[SourceDate "2020.09.30"]
[SourceVersion "1"]
[SourceVersionDate "2020.09.30"]
[SourceQuality "1"]

1. d4 d6 2. e4 e5 3. Nf3 exd4 4. Nxd4 Nf6 5. Nc3 Be7 6. Bc4 0-0 7. Be3 a6 8. Qe2 b5 9. Bb3 c5 10. 0-0-0 cxd4 11. Bxd4 Be6 12. Nd5 Bxd5 13. exd5 Nbd7 14. f4 Re8 15. g4 Bf8 16. Qf3 Ne4 17. g5 Ndc5 18. h4 a5 19. a3 Qc8 20. Kb1 Qf5 21. h5 Rac8 22. Ka1 Nxb3+ 23. cxb3 a4 24. b4 Nxg5 25. Qg2 Ne4 26. Rdg1 f6 0-1